[Event "Olympiad Women-44"]
[Site "Chennai"]
[Date "2022.08.05"]
[Round "7.3"]
[White "Caballero Quijano, Mitzy Mishell"]
[Black "Azhar, Puteri Rifqah Fahad"]
[Result "1-0"]
[WhiteElo "2035"]
[BlackElo "1940"]
[PlyCount "75"]
[EventDate "2022.07.29"]
[EventType "team-swiss"]
[EventRounds "11"]
[EventCountry "IND"]
[SourceTitle "CBM 210"]
[Source "ChessBase"]
[SourceDate "2022.10.31"]
[SourceVersion "1"]
[SourceVersionDate "2022.10.31"]
[SourceQuality "1"]
[WhiteTeam "Peru (W)"]
[BlackTeam "Malaysia (W)"]
[WhiteTeamCountry "PER"]
[BlackTeamCountry "MAS"]

1. d4 Nf6 2. Nf3 g6 3. c4 Bg7 4. g3 d6 5. Bg2 0-0 6. Nc3 Nc6 7. 0-0 a6 8. h3 Rb8 9. e4 b5 10. cxb5 axb5 11. Re1 Nd7 12. Bg5 h6 13. Be3 e5 14. d5 Na5 15. b3 f5 16. exf5 gxf5 17. Nh4 Qf6 18. Rc1 b4 19. Na4 f4 20. Bd2 Nc5 21. Nxc5 dxc5 22. Kh2 Nb7 23. Qh5 Bd7 24. Rc2 Be8 25. Qe2 Rd8 26. Bc1 c6 27. Qa6 Rf7 28. dxc6 Rc7 29. Bb2 Re7 30. Qc4+ Bf7 31. Qe2 Nd6 32. Rxc5 Rde8 33. c7 fxg3+ 34. fxg3 Nc8 35. Rf1 Qb6 36. Rc6 Qa5 37. Nf5 Rxc7 38. Qg4 1-0

[Event "Olympiad Women-44"]
[Site "Chennai"]
[Date "2022.07.30"]
[Round "2.3"]
[White "Calzetta Ruiz, Monica"]
[Black "Azhar, Puteri Rifqah Fahad"]
[Result "1-0"]
[WhiteElo "2230"]
[BlackElo "1940"]
[PlyCount "99"]
[EventDate "2022.07.29"]
[EventType "team-swiss"]
[EventRounds "11"]
[EventCountry "IND"]
[SourceTitle "CBM 210"]
[Source "ChessBase"]
[SourceDate "2022.10.31"]
[SourceVersion "1"]
[SourceVersionDate "2022.10.31"]
[SourceQuality "1"]
[WhiteTeam "Spain (W)"]
[BlackTeam "Malaysia (W)"]
[WhiteTeamCountry "ESP"]
[BlackTeamCountry "MAS"]

1. e4 e5 2. Nf3 Nc6 3. Bb5 Bc5 4. 0-0 Nge7 5. c3 a6 6. Ba4 b5 7. Bb3 Ng6 8. d4 exd4 9. cxd4 Be7 10. Nc3 Na5 11. Bc2 Bb7 12. Ne2 0-0 13. Ng3 d5 14. e5 c5 15. h4 Re8 16. h5 Nf8 17. Nf5 Ne6 18. Nxe7+ Qxe7 19. dxc5 Qxc5 20. Qd3 Nf8 21. b4 Qxb4 22. Bd2 Qg4 23. Bxa5 d4 24. Rfe1 Rac8 25. Rac1 Qxh5 26. Qf5 Qxf5 27. Bxf5 Rxc1 28. Rxc1 g6 29. Bd3 Bxf3 30. gxf3 Rxe5 31. Rc8 Kg7 32. Ra8 Nd7 33. Rd8 Nc5 34. Rxd4 Ne6 35. Rd6 Rc5 36. Rxa6 Rc1+ 37. Kh2 Nc5 38. Bxb5 Nxa6 39. Bxa6 Rc2 40. a4 Rxf2+ 41. Kg3 Ra2 42. Bb5 g5 43. Bb6 h5 44. a5 f5 45. a6 h4+ 46. Kh3 Kh6 47. a7 Kh5 48. Be8+ Kh6 49. Bc5 Kg7 50. Bc6 1-0

[Event "SEA Blitz (Women) Team 31st"]
[Site "Ha Long"]
[Date "2022.05.21"]
[Round "2.1"]
[White "Chuersakul, Sarocha"]
[Black "Azhar, Puteri Rifqah Fahad"]
[Result "0-1"]
[WhiteElo "1641"]
[BlackElo "1940"]
[PlyCount "62"]
[EventDate "2022.05.21"]
[EventType "team-tourn (blitz)"]
[EventRounds "5"]
[EventCountry "VIE"]
[SourceTitle "CBM 208 Extra"]
[Source "ChessBase"]
[SourceDate "2022.07.31"]
[SourceVersion "1"]
[SourceVersionDate "2022.07.31"]
[SourceQuality "1"]
[WhiteTeam "Thailand"]
[BlackTeam "Malaysia"]
[WhiteTeamCountry "THA"]
[BlackTeamCountry "MAS"]

1. Nf3 f5 2. g3 Nf6 3. Bg2 g6 4. 0-0 Bg7 5. d4 d6 6. c4 c6 7. Nc3 0-0 8. Qc2 Qc7 9. e4 fxe4 10. Nxe4 Bf5 11. Nxf6+ Bxf6 12. Qe2 Qd7 13. Bg5 Bg4 14. Bxf6 Rxf6 15. Qe3 Na6 16. a3 Raf8 17. Nd2 Bf5 18. Rae1 R6f7 19. b4 Nc7 20. Be4 Bh3 21. Bg2 Bxg2 22. Kxg2 e6 23. f4 Qd8 24. Nf3 h6 25. Qd3 Kg7 26. a4 Rf6 27. Nd2 d5 28. c5 Qd7 29. Nf3 Qe8 30. Ne5 a6 31. Qd2 Qd8 0-1

[Event "Marienske Lazne op 20th"]
[Site "Marianske Lazne"]
[Date "2022.01.21"]
[Round "8"]
[White "Azhar, Puteri Rifqah Fahad"]
[Black "Peglau, Charis"]
[Result "0-1"]
[WhiteElo "1939"]
[BlackElo "1818"]
[PlyCount "122"]
[EventDate "2022.01.15"]
[EventType "swiss"]
[EventRounds "9"]
[EventCountry "CZE"]
[SourceTitle "CBM 206 Extra"]
[Source "ChessBase"]
[SourceDate "2022.03.31"]
[SourceVersion "1"]
[SourceVersionDate "2022.03.31"]
[SourceQuality "1"]

1. e4 e6 2. d4 d5 3. Nd2 dxe4 4. Nxe4 Bd7 5. Be3 Bc6 6. Ng3 Nf6 7. Nf3 Nbd7 8. c3 Bd6 9. Bc4 0-0 10. Qe2 a6 11. 0-0 b5 12. Bb3 Bb7 13. a4 Qe7 14. Rfe1 Rfb8 15. Bg5 Qf8 16. Ne5 Kh8 17. axb5 axb5 18. f4 c5 19. f5 c4 20. Bc2 Rxa1 21. Rxa1 Bxe5 22. dxe5 Qc5+ 23. Kh1 Qxe5 24. Qxe5 Nxe5 25. Bf4 Nfd7 26. fxe6 fxe6 27. Re1 Ra8 28. Bxe5 Nxe5 29. h3 Nd3 30. Rxe6 Bxg2+ 31. Kh2 Bxh3 32. Rb6 Bd7 33. Bxd3 cxd3 34. Rd6 Be8 35. Rxd3 Kg8 36. Kg2 Ra2 37. Rd2 g6 38. Kf3 Kg7 39. Ke4 h5 40. Rh2 h4 41. Rxh4 Rxb2 42. Kd5 Rg2 43. Rg4 Rd2+ 44. Kc5 Rd3 45. Ne4 Bd7 46. Rg3 Rxg3 47. Nxg3 Kf6 48. c4 bxc4 49. Kxc4 Ke5 50. Kd3 Kf4 51. Ne2+ Kf3 52. Nd4+ Kf2 53. Ke4 g5 54. Nf5 g4 55. Nh4 g3 56. Kf4 Be6 57. Ke4 Kg1 58. Kf4 Kh2 59. Nf3+ Kg2 60. Nd4 Kf2 61. Nf3 g2 0-1

[Event "Marienske Lazne op 20th"]
[Site "Marianske Lazne"]
[Date "2022.01.17"]
[Round "3"]
[White "Paseka, Matyas"]
[Black "Azhar, Puteri Rifqah Fahad"]
[Result "1-0"]
[WhiteElo "2052"]
[BlackElo "1939"]
[PlyCount "95"]
[EventDate "2022.01.15"]
[EventType "swiss"]
[EventRounds "9"]
[EventCountry "CZE"]
[SourceTitle "CBM 206 Extra"]
[Source "ChessBase"]
[SourceDate "2022.03.31"]
[SourceVersion "1"]
[SourceVersionDate "2022.03.31"]
[SourceQuality "1"]

1. e4 d5 2. exd5 Qxd5 3. Nc3 Qa5 4. d4 c6 5. Bc4 Nf6 6. Bd2 Qc7 7. Qe2 Bf5 8. Nf3 e6 9. 0-0-0 Bd6 10. Ne5 Bxe5 11. dxe5 Nd5 12. g4 Bg6 13. Bxd5 cxd5 14. Bf4 a6 15. Bg3 Qc4 16. Qxc4 dxc4 17. Rd4 b5 18. Rd6 Nd7 19. f3 Nc5 20. Bf2 Nd7 21. f4 b4 22. Na4 Be4 23. Rhd1 Bd5 24. c3 a5 25. Bg3 Rc8 26. Ra6 0-0 27. Rxa5 b3 28. axb3 cxb3 29. Bf2 Rc4 30. Rd4 Rfc8 31. Ra7 Rxd4 32. Bxd4 Bc6 33. c4 Bb5 34. Nc5 Nxc5 35. cxb5 g5 36. fxg5 Kg7 37. b6 Nd7+ 38. Kd2 Nxb6 39. Bxb6 Rc2+ 40. Kd3 Rxb2 41. Kc3 Rxh2 42. Kxb3 Rg2 43. Ra4 Rg3+ 44. Kc2 h6 45. gxh6+ Kxh6 46. Bd8 Kg6 47. Bf6 Rf3 48. Ra8 1-0

[Event "Online Olym Div2 B"]
[Site "Chess.com INT"]
[Date "2021.09.03"]
[Round "5.5"]
[White "Zimina, Olga"]
[Black "Azhar, Puteri Rifqah Fahad"]
[Result "1-0"]
[WhiteElo "2334"]
[BlackElo "1939"]
[PlyCount "73"]
[EventDate "2021.09.02"]
[EventType "team (rapid)"]
[EventRounds "9"]
[EventCountry "USA"]
[SourceTitle "CBM 204 Extra"]
[Source "ChessBase"]
[SourceDate "2021.11.30"]
[SourceVersion "1"]
[SourceVersionDate "2021.11.30"]
[SourceQuality "1"]
[WhiteTeam "Italy"]
[BlackTeam "Malaysia"]
[WhiteTeamCountry "ITA"]
[BlackTeamCountry "MAS"]

1. Nf3 f5 2. d4 Nf6 3. g3 g6 4. Bg2 Bg7 5. c4 0-0 6. b3 d6 7. Bb2 c6 8. 0-0 Qc7 9. Nbd2 e6 10. Re1 Ne4 11. Nxe4 fxe4 12. Nd2 d5 13. f3 exf3 14. Nxf3 Nd7 15. e4 dxc4 16. bxc4 c5 17. e5 cxd4 18. Bxd4 Nc5 19. Qc2 Bd7 20. Ng5 Rae8 21. h4 Ba4 22. Qe2 Rd8 23. Qe3 Rxd4 24. Qxd4 Rd8 25. Qg4 Re8 26. h5 h6 27. Ne4 g5 28. Nf6+ Bxf6 29. exf6 Bc6 30. Bxc6 Qxc6 31. Rad1 Rf8 32. Rf1 b6 33. Qd4 Qe4 34. f7+ Rxf7 35. Qd8+ Kg7 36. Rxf7+ Kxf7 37. Rf1+ 1-0

[Event "Online Olym Div3 A"]
[Site "Chess.com INT"]
[Date "2021.08.29"]
[Round "8.2"]
[White "Azhar, Puteri Rifqah Fahad"]
[Black "Taweesupmun, Chanida"]
[Result "1-0"]
[WhiteElo "1939"]
[BlackElo "1618"]
[PlyCount "85"]
[EventDate "2021.08.27"]
[EventType "team-tourn (rapid)"]
[EventRounds "9"]
[EventCountry "USA"]
[SourceTitle "CBM 204 Extra"]
[Source "ChessBase"]
[SourceDate "2021.11.30"]
[SourceVersion "1"]
[SourceVersionDate "2021.11.30"]
[SourceQuality "1"]
[WhiteTeam "Malaysia"]
[BlackTeam "Thailand"]
[WhiteTeamCountry "MAS"]
[BlackTeamCountry "THA"]

1. e4 c5 2. Nc3 Nc6 3. g3 Nf6 4. Bg2 d6 5. h3 g6 6. Nge2 Bg7 7. d3 0-0 8. 0-0 a6 9. f4 e5 10. Be3 b6 11. f5 Bb7 12. g4 d5 13. Nxd5 Nxd5 14. exd5 Nb4 15. c4 a5 16. a3 Na6 17. Qd2 Qd7 18. Bh6 Nc7 19. f6 Bxh6 20. Qxh6 Ne8 21. Ng3 Nxf6 22. Rxf6 Qe7 23. Ne4 Rfd8 24. Rxb6 f5 25. gxf5 gxf5 26. Nf6+ Kh8 27. Qxh7+ Qxh7 28. Nxh7 Kxh7 29. Rxb7+ Kh6 30. Re1 Re8 31. Rb6+ Kg5 32. Rc6 Rab8 33. Rxc5 Rxb2 34. d6 Rd8 35. Rd5 Kf6 36. Rdxe5 Rxd6 37. Bd5 Rd7 38. R1e2 Rg7+ 39. Kf2 Rb1 40. Re6+ Kg5 41. Ke3 f4+ 42. Kd4 Kh4 43. c5 1-0

[Event "Online Olym Div3 A"]
[Site "Chess.com INT"]
[Date "2021.08.28"]
[Round "5.5"]
[White "Azhar, Puteri Rifqah Fahad"]
[Black "Takayasu, Melody"]
[Result "1-0"]
[WhiteElo "1939"]
[BlackElo "1692"]
[PlyCount "95"]
[EventDate "2021.08.27"]
[EventType "team-tourn (rapid)"]
[EventRounds "9"]
[EventCountry "USA"]
[SourceTitle "CBM 204 Extra"]
[Source "ChessBase"]
[SourceDate "2021.11.30"]
[SourceVersion "1"]
[SourceVersionDate "2021.11.30"]
[SourceQuality "1"]
[WhiteTeam "Malaysia"]
[BlackTeam "Japan"]
[WhiteTeamCountry "MAS"]
[BlackTeamCountry "JPN"]

1. e4 c5 2. Nc3 Nc6 3. g3 d6 4. Bg2 Nf6 5. h3 e6 6. Nge2 Be7 7. d3 0-0 8. 0-0 a6 9. f4 Qc7 10. Be3 Bd7 11. Qd2 Rad8 12. f5 Ne5 13. g4 exf5 14. g5 Nxe4 15. dxe4 Nc4 16. Qc1 Bc6 17. Nd5 Bxd5 18. exd5 Rde8 19. Nc3 Nxe3 20. Qxe3 Bf6 21. Qg3 Be5 22. Qf3 g6 23. Rae1 b5 24. Nd1 f4 25. c3 Re7 26. Nf2 Rfe8 27. Nd3 Qb6 28. Kh1 b4 29. c4 Qc7 30. b3 a5 31. Nxf4 Bxf4 32. Rxe7 Qxe7 33. Qxf4 Kg7 34. h4 Ra8 35. Be4 a4 36. Qf6+ Qxf6 37. gxf6+ Kh6 38. Kg2 axb3 39. axb3 Ra3 40. Rf3 Ra2+ 41. Kg3 Re2 42. Bd3 Re1 43. Bf1 Re4 44. Bh3 g5 45. hxg5+ Kxg5 46. Be6 fxe6 47. f7 Rg4+ 48. Kf2 1-0

[Event "Asia-ch Universities (Women)"]
[Site "Chess.com INT"]
[Date "2020.12.17"]
[Round "8"]
[White "Azhar, Puteri Rifqah Fahad"]
[Black "Fisabilillah, Ummi"]
[Result "1/2-1/2"]
[WhiteElo "1783"]
[BlackElo "2182"]
[PlyCount "69"]
[EventDate "2020.12.15"]
[EventType "swiss"]
[EventRounds "9"]
[EventCountry "IRI"]
[SourceTitle "EXT 2022"]
[Source "ChessBase"]
[SourceDate "2021.10.06"]
[SourceVersion "1"]
[SourceVersionDate "2021.10.06"]
[SourceQuality "1"]

1. d4 Nf6 2. Nf3 e6 3. Bf4 b6 4. e3 Bb7 5. Nbd2 d6 6. c3 Nbd7 7. Qc2 Qe7 8. e4 e5 9. dxe5 dxe5 10. Bg3 g6 11. Bc4 Bg7 12. 0-0 0-0 13. Rfe1 a5 14. a4 h6 15. Rad1 Nh5 16. Nf1 Nxg3 17. hxg3 Nc5 18. Bd5 c6 19. Bc4 Rad8 20. Ne3 Bc8 21. b4 axb4 22. cxb4 Ne6 23. Bxe6 Bxe6 24. Qxc6 Rxd1 25. Rxd1 Qxb4 26. Nd5 Bxd5 27. Qxd5 Qxa4 28. Rb1 Qa5 29. Qb5 Rc8 30. Qxb6 Qa4 31. Qb4 Qa2 32. Qb2 Qa5 33. Qb5 Qc3 34. Qb2 Qc5 35. Qb4 1/2-1/2

[Event "Asia-ch Universities (Women)"]
[Site "Chess.com INT"]
[Date "2020.12.17"]
[Round "9"]
[White "Nur Abidah, Shanti"]
[Black "Azhar, Puteri Rifqah Fahad"]
[Result "1-0"]
[WhiteElo "1908"]
[BlackElo "1783"]
[PlyCount "79"]
[EventDate "2020.12.15"]
[EventType "swiss"]
[EventRounds "9"]
[EventCountry "IRI"]
[SourceTitle "EXT 2022"]
[Source "ChessBase"]
[SourceDate "2021.10.06"]
[SourceVersion "1"]
[SourceVersionDate "2021.10.06"]
[SourceQuality "1"]

1. e4 c5 2. Nf3 d6 3. d4 cxd4 4. Nxd4 Nf6 5. Nc3 a6 6. Be3 e6 7. f3 Be7 8. Qd2 Qc7 9. 0-0-0 Nbd7 10. Kb1 b6 11. g4 Ne5 12. h4 Bb7 13. h5 h6 14. Bf4 Nc4 15. Bxc4 Qxc4 16. e5 dxe5 17. Bxe5 Rd8 18. Qf4 b5 19. Rd3 b4 20. b3 Qc8 21. Na4 Nd5 22. Qd2 0-0 23. Rg1 Bc6 24. Nxc6 Qxc6 25. f4 f6 26. Bb2 Qc7 27. Rf1 Nb6 28. Nxb6 Qxb6 29. Qe2 Rxd3 30. Qxd3 Rd8 31. Qg6 Qb5 32. Re1 Qd5 33. g5 Qd2 34. Rg1 Qxf4 35. gxh6 Bf8 36. hxg7 Qf3 37. h6 Rd1+ 38. Rxd1 Qxd1+ 39. Bc1 Qh1 40. h7+ 1-0

[Event "Olympiad Women-41"]
[Site "Tromsoe"]
[Date "2014.08.11"]
[Round "9.4"]
[White "Stoeri, Laura"]
[Black "Azhar, Puteri Rifqah Fahad"]
[Result "1-0"]
[WhiteElo "2123"]
[BlackElo "1860"]
[PlyCount "57"]
[EventDate "2014.08.02"]
[EventType "team-swiss"]
[EventRounds "11"]
[EventCountry "NOR"]
[SourceTitle "CBM 162"]
[Source "ChessBase"]
[SourceDate "2014.09.17"]
[SourceVersion "1"]
[SourceVersionDate "2014.09.17"]
[SourceQuality "1"]
[WhiteTeam "Switzerland (W)"]
[BlackTeam "Malaysia (W)"]
[WhiteTeamCountry "SUI"]
[BlackTeamCountry "MAS"]

1. e4 g6 2. f4 Bg7 3. Nf3 d6 4. Bc4 Nf6 5. d3 0-0 6. Nc3 c6 7. 0-0 b5 8. Bb3 Qb6+ 9. Kh1 Bb7 10. Qe1 Nbd7 11. e5 dxe5 12. fxe5 Nd5 13. Nxd5 cxd5 14. d4 h6 15. c3 Kh7 16. Bc2 f6 17. e6 Nb8 18. Nh4 f5 19. Nxg6 Nc6 20. Nxf8+ Rxf8 21. Rxf5 Kg8 22. Rxf8+ Kxf8 23. Qf2+ Bf6 24. Bg6 Kg7 25. Qf5 Nd8 26. Bxh6+ Kxh6 27. Qh5+ Kg7 28. Qh7+ Kf8 29. Bf7 1-0

[Event "Olympiad Women-41"]
[Site "Tromsoe"]
[Date "2014.08.10"]
[Round "8.4"]
[White "Azhar, Puteri Rifqah Fahad"]
[Black "Correia, Sandra Ventura"]
[Result "1-0"]
[WhiteElo "1860"]
[BlackElo "1763"]
[PlyCount "101"]
[EventDate "2014.08.02"]
[EventType "team-swiss"]
[EventRounds "11"]
[EventCountry "NOR"]
[SourceTitle "CBM 162"]
[Source "ChessBase"]
[SourceDate "2014.09.17"]
[SourceVersion "1"]
[SourceVersionDate "2014.09.17"]
[SourceQuality "1"]
[WhiteTeam "Malaysia (W)"]
[BlackTeam "Portugal (W)"]
[WhiteTeamCountry "MAS"]
[BlackTeamCountry "POR"]

1. d4 Nf6 2. Nf3 g6 3. Bf4 Bg7 4. e3 0-0 5. Bc4 d5 6. Bd3 Bg4 7. Nbd2 Nbd7 8. h3 Bxf3 9. Nxf3 c5 10. c3 c4 11. Bc2 Rc8 12. g4 Re8 13. Qe2 b5 14. a4 Qa5 15. 0-0 b4 16. cxb4 Qxb4 17. Rfb1 Nb8 18. a5 Nc6 19. Ra4 Qb7 20. b3 c3 21. b4 Nd7 22. Bd3 Ncb8 23. e4 e5 24. dxe5 Nxe5 25. Nxe5 Bxe5 26. Bxe5 Rxe5 27. f4 Re7 28. b5 Nd7 29. Rd4 Nc5 30. e5 Ne6 31. Ra4 d4 32. Rf1 Qd7 33. Qf2 Rd8 34. Ra2 Nc5 35. Qc2 Qd5 36. Ra3 Rb7 37. Rb1 Qf3 38. Bf1 Qxf4 39. Bg2 Re7 40. Rf1 Qxe5 41. b6 axb6 42. axb6 Rb8 43. Qa2 Rxb6 44. Ra8+ Kg7 45. Rc8 Rb2 46. Qa8 Ne6 47. Rh8 Kh6 48. h4 g5 49. Qg8 f6 50. h5 Rg7 51. Rxh7+ 1-0

[Event "ASEAN-ch U20 Girls 15th"]
[Site "Taipa"]
[Date "2014.06.09"]
[Round "9"]
[White "Azhar, Puteri Rifqah Fahad"]
[Black "Nguyen, Truong Bao Tran"]
[Result "0-1"]
[WhiteElo "1864"]
[BlackElo "1897"]
[PlyCount "94"]
[EventDate "2014.06.04"]
[EventType "swiss"]
[EventRounds "9"]
[EventCountry "MAC"]
[SourceTitle "CBM 160 Extra"]
[Source "ChessBase"]
[SourceDate "2014.07.01"]
[SourceVersion "1"]
[SourceVersionDate "2014.07.01"]
[SourceQuality "1"]

1. e4 c6 2. d4 d5 3. Nc3 dxe4 4. Nxe4 Bf5 5. Ng3 Bg6 6. Nf3 Nf6 7. c3 e6 8. Bc4 Nbd7 9. Bf4 Be7 10. 0-0 0-0 11. Qe2 Nd5 12. Bxd5 cxd5 13. Qb5 Qc8 14. Rfe1 h6 15. h4 a6 16. Qe2 Qc6 17. h5 Bh7 18. Qe3 Rfe8 19. Re2 Bf8 20. Nf1 Be4 21. N3d2 e5 22. dxe5 Nxe5 23. Qg3 Nd3 24. Nxe4 dxe4 25. Ne3 Qe6 26. Ng4 Nxf4 27. Rxe4 Ne2+ 28. Rxe2 Qxe2 29. Nf6+ Kh8 30. Nxe8 Rxe8 31. b4 Qxh5 32. Qc7 Qd5 33. Rf1 Bd6 34. Qb6 Re6 35. Qd8+ Kh7 36. Qh4 Qxa2 37. Qh5 Rg6 38. Qf3 b5 39. Rd1 Qe6 40. Rf1 Qf6 41. Qxf6 Rxf6 42. Re1 Re6 43. Rd1 Be5 44. Rd3 Rc6 45. f3 f6 46. Kf1 Rxc3 47. Rxc3 Bxc3 0-1

[Event "ASEAN-ch U20 Girls 15th"]
[Site "Taipa"]
[Date "2014.06.08"]
[Round "8"]
[White "Frayna, Janelle Mae"]
[Black "Azhar, Puteri Rifqah Fahad"]
[Result "1-0"]
[WhiteElo "2133"]
[BlackElo "1864"]
[PlyCount "97"]
[EventDate "2014.06.04"]
[EventType "swiss"]
[EventRounds "9"]
[EventCountry "MAC"]
[SourceTitle "CBM 160 Extra"]
[Source "ChessBase"]
[SourceDate "2014.07.01"]
[SourceVersion "1"]
[SourceVersionDate "2014.07.01"]
[SourceQuality "1"]

1. Nf3 Nf6 2. c4 e6 3. g3 b6 4. Bg2 Bb7 5. b3 c5 6. Bb2 Be7 7. 0-0 0-0 8. Nc3 a6 9. e3 Qc7 10. Qe2 Nc6 11. Rac1 Rfd8 12. d4 d6 13. d5 Nb8 14. e4 e5 15. Ne1 Nbd7 16. Nd3 Ne8 17. f4 f6 18. Nd1 g6 19. Ne3 Ng7 20. Bh3 Bc8 21. Rf2 Nf8 22. Bg2 Nd7 23. Rcf1 Rf8 24. Bh3 b5 25. fxe5 dxe5 26. Bg4 Nb6 27. Bxc8 Raxc8 28. Rc1 b4 29. Rcf1 Nd7 30. Kg2 a5 31. h4 Bd6 32. Ng4 Be7 33. Nh6+ Kh8 34. Rh1 Bd6 35. g4 Nb6 36. Kf1 Qe7 37. Ke1 a4 38. Kd1 axb3 39. axb3 Ra8 40. Kc2 Qd7 41. g5 f5 42. exf5 gxf5 43. Nxe5 Qc7 44. Kb1 Qa7 45. Rhf1 Rae8 46. Nef7+ Rxf7 47. Qxe8+ Rf8 48. Qxf8+ Bxf8 49. Rxf5 1-0